000 00486nam a22001937a 4500
005 20251108164157.0
008 250721s2001 xx 000 0 ara d
082 1 4 _a216.51/ليل
100 1 _aأبو ليلى، فرج محمود
245 1 0 _aالزواج و بناء الأسرة /
250 _aط2.
264 1 _aعمان :
_c2001.
300 _a269ص
650 1 7 _aالزواج
650 1 7 _aالإسلام
650 1 7 _aالأسرة
942 _2ddc
_cBK
999 _c5589
_d5589